Countries That Have Been to the Moon - Statistics

General Stats
  • This quiz has been taken 177 times
  • The average score is 5 of 7
Answer Stats
Missions Country % Correct
30 United States
100%
23 Russia
99%
7 China
97%
2 Japan
91%
1 India
90%
1 European Space Agency
10%
1 Luxembourg
8%
No matching quizzes found
Score Distribution
Percent of People with Each Score
Percentile by Number Answered
Your Score History
You have not taken this quiz